zpět

Detail výsledku týmu

Pivovar Podlesí, Příbram

Datum a čas kvízu

31 Celkem bodů Celkový počet nahraných bodů na tomto kvízu bez doplňovacích otázek.
4. Pořadí na kvízu Konečné umístění týmu na tomto kvízu.

Zaznamenané odpovědi

# Otázka Odpověď Body Výsledky
1. Za zmanipulování televizní hry... 0
2. Americký astronaut Andrew Feus... 0
3. České herní studio Warhorse pr... 1
4. Z britských obrazovek musela z... 1
5. Napište výsledek sobotního utk... 0
6. Jistě se mezi Vámi najde mnoho... 1
7. Čemu nebo komu se ve vodáckém... 0
8. Místo, kde říční voda viditeln... 0
9. Část řeky, kde voda teče velmi... 0
10. Kanoistům se mezi vrcholovými... 1